书目信息 |
| 题名: |
巴山夜雨:从剧本到影片
|
|
| 作者: | 叶楠 著 | |
| 分册: | ||
| 出版信息: | 北京 中国电影出版社 1982.8 |
|
| 页数: | 345页 | |
| 开本: | 20cm | |
| 丛书名: | ||
| 单 册: | ||
| 中图分类: | I207.35 | |
| 科图分类: | ||
| 主题词: | 文学--中国 | |
| 电子资源: | ||
| ISBN: | ||
| 000 | 00535nam0 2200193 45 | |
| 001 | 0312221749 | |
| 005 | 20070730163335.07 | |
| 010 | @dCNY1.40 | |
| 091 | @a8061.1794 | |
| 100 | @a20031222d1982 km y0chiy0120 ea | |
| 101 | @achi | |
| 200 | 1 | @a巴山夜雨:从剧本到影片@ABa Shan Ye Yu:Cong Ju Ben Dao Ying Pian@f叶楠等著@FYe Nan Deng Zhu |
| 210 | @a北京@c中国电影出版社@d1982.8 | |
| 215 | @a345页@d20cm | |
| 606 | 0 | @a文学@x中国 |
| 690 | @aI207.35@v3 | |
| 701 | 0 | @a叶楠@4著 |
| 801 | @aCN@bTSTCL@c20070730 | |
| 905 | @dI207.35@e51@f1@b212569 | |
| 巴山夜雨:从剧本到影片/叶楠等著.-北京:中国电影出版社,1982.8 |
| 345页;20cm |
| ISBN :CNY1.40 |
| ● |
| 相关链接 |
|
|
|
|
正题名:巴山夜雨:从剧本到影片
索取号:I207.35/51
 
预约/预借
| 序号 | 登录号 | 条形码 | 馆藏地/架位号 | 状态 | 备注 |
| 1 | 0212569 | 000540766 | 第二借阅区/ [索取号:I207.35/51] | 在馆 | |
| 2 | 0212570 | 000540757 | 第一样本阅览室/ [索取号:I207.35/51] | 在馆 | |
| 3 | 0786598 | 207865988 | 密集书库/ [索取号:I207.35/51] | 在馆 | |
| 4 | 0787189 | 207871891 | 密集书库/ [索取号:I207.35/51] | 在馆 |